Reflexiones en torno a la instrucción sobre algunos aspectos de la "teología de la liberación" /

Estudio sobre el documento emanado por la Congregación para la Doctrina de la Fe, el día 6 de agosto de 1984 con el título Instrucción sobre algunos aspectos de la Teología de la liberación. Dicho documento, incluido en el presente volumen, causó muchas reacciones en la opinión pública, ya que se en...

Descripción completa

Guardado en:
Detalles Bibliográficos
Autor corporativo: Iglesia Católica. Congregación para la Doctrina de la Fe
Otros autores: Herrera, Jesús (autor) (autor)
Formato: Libro
Idioma:Español
Colección:(Selecta Universidad Pontificia de México. Temas de Hoy ; 7)
Temas:
Etiquetas: Agrega una etiqueta
Sin etiquetas, Sé el primero en etiquetar este registro!

MARC

LEADER 00000nam^a2200000^a^4500
001 000391958
005 20250624000000.0
009 20260310121229.021
037 |a Acervo ITESO - Biblioteca 
041 |a ESP 
082 |a 261.  |b INS 
240 1 1 |a [Instrucción sobre algunos aspectos de la "teología de la liberación"] 
245 0 0 |a Reflexiones en torno a la instrucción sobre algunos aspectos de la "teología de la liberación" /  |c J. Herrera... [et al.] ; presen. de José de Jesús Martínez Z. 
264 |a México :  |b Universidad Pontificia de México,  |c 1985 
300 |a 80 p. 
336 |a texto  |b txt  |2 rdacontenido 
337 |a sin mediación  |b n  |2 rdamedio 
338 |a volumen  |b nc  |2 rdasoporte 
440 1 |a (Selecta Universidad Pontificia de México.  |p Temas de Hoy ;  |v 7) 
520 |a Estudio sobre el documento emanado por la Congregación para la Doctrina de la Fe, el día 6 de agosto de 1984 con el título Instrucción sobre algunos aspectos de la Teología de la liberación. Dicho documento, incluido en el presente volumen, causó muchas reacciones en la opinión pública, ya que se entendía que se trataba de un freno a un proceso de desarrollo de dicha reflexión teológica en América Latina. Los académicos de la Universidad Pontifica de México analizan en esta obra la mencionada instrucción. 
649 |a XX 
650 |a Iglesia Católica -  |x Documentos Doctrinales -  |x Historia y Crítica -  |x Tema Principal 
650 |a Teología de la Liberación -  |x Tema Principal 
650 |a Teología Pastoral 
650 |a Catolicismo 
650 |a Cristianismo 
650 |a Religión 
710 |a Iglesia Católica.  |b Congregación para la Doctrina de la Fe 
740 0 |a Instrucción sobre algunos aspectos de la "eología de la liberación" /  |c Congregación para la Doctrina de la Fe. 
700 |a Herrera, Jesús  |e (autor) 
910 |a Fondo General 
920 |a Impresos - Libros 
930 |a Colección General 
905 |a 101 
901 |a 0500286690  |b IT1  |c ACC  |d DT  |i D87496  |u 20250624 
902 |a https://opac.biblio.iteso.mx/vufind/Record/000391958